Canadian Provinces no map - Statistics

General Stats
  • This quiz has been taken 26 times
  • The average score is 11 of 13
Answer Stats
Answer % Correct
Ontario
100%
Quebec
100%
Newfoundland and Labrador
92%
Alberta
88%
British Columbia
88%
Saskatchewan
88%
Manitoba
85%
Northwest Territories
85%
Prince Edward Island
85%
Yukon
81%
Nova Scotia
77%
New Brunswick
73%
Nunavut
73%
No matching quizzes found
Score Distribution
Percent of People with Each Score
Percentile by Number Answered
Your Score History
You have not taken this quiz